000 01274nam a22002057a 4500
999 _c63384
_d63384
003 Ge_BSU
005 20250926193822.0
008 250926s1971 ge ||||| |||| 00| 0 geo d
041 _ageo
080 _a338.24.021.8 გ-12
100 _aგაბისონია, ამირან
_925893
245 _aრეფორმა და ეკონომიური სტიმულები /
_cამირან გაბისონია; საქართველოს კპ ცკ-ისა და თბილ. კომ-ტის პოლიტ. განათლ. რესპ. სახლი.
264 _aთბილისი :
_bსაქ. კპ ცკ-ის გამ-ბა,
_c1971.
300 _a109 გვ. ;
_b20 სმ.
504 _a ბიბლიოგრაფია: გვ. 108-109.
653 _aეკონომიკური რეფორმა
653 _aეკონგომიკური სტიმულირება
710 _aსაქართველოს კპ ცკ-ისა და თბილისის კომიტეტის პოლიტიკური
_bგანათლების რესპუბლიკური სახლი.
_925894
942 _2udc
_cᲬᲘᲒᲜᲘ